00911 2200277 4500001002100000005001500021035002000036007000300056008004100059020002000100082001000120084001600130100003000146245009400176250002000270260003100290300005700321650002800378700003800406700004200444700004000486700002300526700004000549504002000589856002400609INLIS00000000114216920220203094340 a0010-0222000862ta220203 g 0 ind  a978-979-3764214 a004.6 a004.6 ZUL m0 aZulfikar Muhammad Rachman1 aMemberdayakan masyarakat :bdengan memdayagunakan telecenter /cZulfikar Muhammad Rachman aCetakan Pertama ajakarta :bBAPPENAS,c2007 axxii, 131 halaman :bILUSTRASI ;c16 x 24 cmekertas 4aPemberdayaan Masyarakat0 aEditor; Zulfikar Muhammad Rachman0 aReview; Vira Ramelan, Budhi Suprianto0 aKontributor; Suhardi, Sutiah,Munsir0 aIlustrator; Wahono0 aCover dan Reka Letak; Prawoto Setra ahalaman 133-135 aPerpustakaan Khusus